000 01155nam a2200313 i 4500
001 186309
003 SpMaBN
005 20250725232357.0
008 161006s2009 sp a |||| |dspa d
020 _a978-84-7960-374-8
080 _a821.134.2-1(082.2)
080 _a821.134.2(7/8)-1(082.2)
245 0 0 _aPoesía cada día /
_cantología preparada por Mercedes Alonso Alonso, Nieves Martín Rogero, Sara Moreno Valcárcel ... [et al.] ; ilustraciones de Dinah Salama.
250 _a1ª ed.
260 _aMadrid :
_bEdiciones de la Torre,
_c2009.
300 _a273, [25] p. :
_bil. ;
_c23 x 25 cm.
490 1 _aNuestro mundo.
_aHomenaje ;
_v4
490 1 _aEdiciones de la Torre ;
_v500
504 _aÍndices.
650 7 _aPoesías españolas
_2embne
_916214
650 7 _aPoesías hispanoamericanas.
_9148477
700 1 _aAlonso Alonso, Mercedes.
_9161070
700 1 _aSalama, Dinah.
_9101703
830 0 _aNuestro mundo.
_aHomenaje ;
_v4
_9225400
830 0 _aEdiciones de la Torre ;
_v500
_9192503
852 _aES-MaACL
_jA-13954
_9193364
_bR.151235
_cDEPO1
_dOlim: N-6954
942 _2udc
999 _c186309
_d186309